Notas sobre las tendencias recientes en la evolución del Estado costarricense /

Αποθηκεύτηκε σε:
Λεπτομέρειες βιβλιογραφικής εγγραφής
Κύριος συγγραφέας: Cubillo Mora, Mayela
Μορφή: Κείμενο
Θέματα:
Ετικέτες: Προσθήκη ετικέτας
Δεν υπάρχουν, Καταχωρήστε ετικέτα πρώτοι!

MARC

LEADER 00000 a a2200000 04500
001 45011
003
040
100 |a Cubillo Mora, Mayela  
245 |a Notas sobre las tendencias recientes en la evolución del Estado costarricense /  |c Mayela Cubillo Mora  
650 |a INSTITUCIONES GUBERNAMENTALES  
650 |a ESTADO  
650 |a SECTOR PUBLICO  
650 |a COSTA RICA  
773 |g páginas 47-57  
999 |c 39284  |d 39284